Państwa z najniebezpiecznymi zwierzętami - Statystyki

Ogólne statystyki
  • Ten quiz został rozwiązany 42 razy
  • Średni wynik to 10 z 16
Statystyki odpowiedzi
Państwo % Poprawnych
Brazylia
97%
Australia
92%
Stany Zjednoczone
89%
Demokratyczna Republika Konga
84%
Republika Południowej Afryki
84%
Indie
76%
Kenia
76%
Meksyk
73%
Tanzania
70%
Kanada
68%
Indonezja
57%
Nigeria
54%
Etiopia
51%
Pakistan
35%
Bangladesz
24%
Burundi
11%
Nie znaleziono quizów pasujących do podanych kryteriów
Rozkład punktacji
Procent ludzi z każdym wynikiem
Percentyl według liczby udzielonych odpowiedzi
Twoja historia wyników
Nie rozwiązałeś tego quizu